Ministerios eclesiales en América Latin: reflexión teológico pastoral
Saved in:
| Corporate Authors: | , |
|---|---|
| Format: | Bog |
| Sprog: | spansk |
| Udgivet: |
Bogotá
Secretariado General del Celam
1974
|
| Serier: | Colección DEVYM, 8
|
| Fag: | |
| Tags: |
Tilføj Tag
Ingen Tags, Vær først til at tagge denne postø!
|
MARC
| LEADER | 00000nam a2200000 a 4500 | ||
|---|---|---|---|
| 001 | UCR1873 | ||
| 003 | CL-VaPUC | ||
| 008 | 971219e19740000CK |||||||||||||||||spa|d | ||
| 082 | 0 | 4 | |a 253 |b CON |2 21 |
| 110 | 2 | |a Consejo Episcopal Latinoamericano |e author |9 399413 | |
| 710 | 2 | |a CELAM |e author |9 399414 | |
| 245 | 1 | 0 | |a Ministerios eclesiales en América Latin: reflexión teológico pastoral |
| 300 | |a 223 p | ||
| 942 | |c BK | ||
| 945 | |d 19971219 00:00:00 |a rleighto | ||
| 260 | |a Bogotá |b Secretariado General del Celam |c 1974 | ||
| 650 | 0 | |a Iglesia |9 255004 | |
| 650 | 7 | |a MINISTERIOS |2 CL-VaPUC |9 351934 | |
| 650 | 0 | |a Iglesia Católica |9 256114 | |
| 650 | 0 | |a Iglesia protestante |9 389937 | |
| 651 | 0 | |a América Latina |9 255027 | |
| 583 | |a last modification |c 19971219 00:00:00 |k Rodrigo Vera | ||
| 490 | 0 | |a Colección DEVYM, 8 | |
| 999 | |c 265215 |d 265213 | ||
| 952 | |0 0 |1 0 |4 0 |6 253_000000000000000_CON_1974 |7 0 |8 A |9 296058 |a BIBTEO |b BIBTEO |d 2019-11-20 |i 3368912 |o 253 CON 1974 |p 3368912 |r 2025-01-17 |w 2019-11-20 |y BK |k ICR | ||